Fairy Tail - Quiz (1) - Statistiques

Statistiques générales
  • Ce quiz a été pris 711 fois
  • Le résultat moyen est 7 sur 15
Statistiques - réponses
Question Réponse % Correct
Comment se nomme le Royaume où se situe la guilde de Fairy Tail ? Fiore
92%
Quel est le surnom que Lucy donne à Nikola ? Plue
85%
Quelle est la monnaie utilisée dans cet univers ? Joyaux
80%
Qui raconte à Lucy que Natsu fût élevé par un dragon ? Mirajane
72%
Où est-ce que Lucy choisit de mettre son emblème de Fairy Tail ? Main Droite
59%
En arrivant au Mont Yakobe, quel esprit est invoqué par Lucy ? Horologium
58%
Quel est l'âge de Lucy au début du manga ? 17 ans
51%
Dans quelle ville Lucy rencontre Natsu & Happy pour la première fois ? Harujion
50%
Combien de Balkans, Macao a-t-il vaincu avant de se faire posséder ? 19
47%
Qu'est-ce qui n'est pas intégré dans le menu spécial Natsu ? Flan de Feu
41%
Quel est le prix du loyer de l'appartement de Lucy dans le manga ? 70 000
34%
Quel est le personnage représenté sur le dos du tome 1 ? Happy
26%
Combien de clés possède Lucy à la fin du premier tome ? 7
20%
Quel est le titre du chapitre 3 ? Le Dragon de Feu, le Singe et la Vache
13%
Que fait Grey à la guilde lorsque l'équipe de Natsu part en mission chez le comte Ebar ? Il fume
8%
Aucun quiz correspondant
Distribution des résultats
% des personnes avec chaque résultat
Percentile par nombre de réponses
Votre historique - résultats
Vous n’avez pas pris ce quiz